000 00659nam a2200217 a 4500
999 _c2240
_d2240
001 2240
003 BD-JhCC
005 20171031120924.0
008 171031s1967 bg |||| |||a 000 0 ben d
035 _a(BD-JhCC)2240
040 _aBD-JhCC
_dBD-JhCC
041 _aben
082 _a305.8095414
_bJAM 1967
100 _aজামান, হাসান
245 _aসমাজ সংস্কৃতি সাহিত্য /
_cহাসান জামান
260 _aঢাকা :
_bবাংলা একাডেমী,
_c1967.
300 _a291 p. :
_c22 cm.
650 _aHistory and Culture
_zBangladesh
942 _2ddc
_cBK